000 00288nam a22001337a 4500
008 260218b ||||| |||| 00| 0 eng d
020 _a9951050166
041 _aeng
080 _a2.1
100 _a20.1
101 _aroman
245 _aSpirale Muzgu
_cIbrahim Kadriu
942 _2lcc
_cBK
999 _c60823
_d60823